| 000 | 00897nam a22002417a 4500 | ||
|---|---|---|---|
| 999 |
_c64692 _d64692 |
||
| 005 | 20240530110745.0 | ||
| 008 | 181125s2017 ua afh f b 000 0 ara d | ||
| 017 | _bمصر. دار الكتب | ||
| 040 |
_aEG-CaGPL _cEG-CaGPL |
||
| 082 | 0 | 4 |
_221 _a932 / _bق/ع م |
| 100 | 0 | _aعماد احمد الصياد | |
| 245 | 1 | 0 |
_aمدخل فى دراسة علم الاثار المصرية القديمة / _cعماد احمد الصياد |
| 260 |
_aالاسكندرية : _bدار المعرفة الجامعية ، _c2018. |
||
| 300 |
_a210 ص. : _bايض ؛ _c24 سم. |
||
| 650 | 0 | 7 |
_2qrmak _aالاثار |
| 650 | 0 | 7 |
_2qrmak _aالحضارة الفرعونية |
| 650 | 0 | 7 |
_2qrmak _aالاثار الفرعونية |
| 650 | 0 | 7 |
_2qrmak _aقدماء المصريين |
| 650 | 0 | 7 |
_2qrmak _aالفراعنة |
| 651 | _2qrmak | ||
| 942 |
_2ddc _cBK |
||